LEADER 01281nam a2200301 u 4500 001 000000042077 003 CaOOAMICUS 005 20070226114303.0 008 990219s19531955it u000 u ita u 035 $a10814803 040 $aPUL(R)$bita 100 1 $aGrosso, Giuseppe.$0(OLS)http://pul/name/7480 245 12$aI legati /$cGiuseppe Grosso. 260 $aTorino :$bGiappichelli,$c1953-1955. 300 $a2 v. ;$c25 cm 490 1 $aCorsi universitari (G. Giappichelli) 500 $aDattiloscritto. 504 $aBibliografia in nota. 650 4$aEreditą e successione (diritto romano).$0(OLS)http://pul/subject/2359 830 0$aCorsi universitari (G. Giappichelli).$0(OLS)http://pul/title/25553 850 $aPUL 852 $aPUL$W1$xDP2 Diritto e Scienze Sociali 1$y65$m184 E 99$j155994$nBK-PRI$av.1$qStampati$B56912$CPULBib$Z2$F56912 $H67910 $82 852 $aPUL$W1$xDP2 Diritto e Scienze Sociali 1$y65$m184 E 100$j155995$nBK-PRI$av.2$qStampati$B56913$CPULBib$Z2$F56913 $H67911 $82 941 1 $a8 961 $aDono Gabrio Lombardi. 961 $aDono Gabrio Lombardi. 996 $6245$aI legati$9(OLS)http://pul/title/56760 996 $6260$aTorino :$bGiappichelli$9(OLS)http://pul/publisher/48244 LEADER 01077nam a2200265 a 4500 001 000000152840 003 CaOOAMICUS 005 20160712171158.0 008 160712s1978 it u000 u ita r 032 $aLibriCat 040 $aPUL$bita 100 1 $aMacciocchi, Maria Antonietta.$0(OLS)http://pul/name/32172 245 10$aDopo Marx aprile /$cMaria Antonietta Macciocchi ; introduzione di Leonardo Sciascia. 260 $aRoma :$bL'Espresso,$c©1978. 300 $a196 p. ;$c19 cm. 490 1 $aI libri dell'Espresso 650 4$aMarxismo$xCritica e interpretazione.$0(OLS)http://pul/subject/18831 700 1 $aSciascia, Leonardo,$d1921-1989.$0(OLS)http://pul/name/65439 830 2$aI libri dell'Espresso.$0(OLS)http://pul/title/192268 850 $aPUL 852 $aPUL$W1$xDP1 Fondo G. Barberini$y122$m2 B 14$j2818$qFondi$B178354$CPULBib$Z2$F178354 $HBar684 $81 941 1 $a1 996 $6245$aDopo Marx aprile$9(OLS)http://pul/title/192267 996 $6260$aRoma :$bL'Espresso$9(OLS)http://pul/publisher/79949